Southville International School and Colleges
Your cart is empty.
  • Cart
  • Lists
    Public lists Eva Luna New books Lux_list list_1
    Your lists Log in to create your own lists
  • Log in to your account
  • Your cookies
  • Search history
Southville International School and Colleges
  • Advanced search
  • Recent comments
  • Most popular
  • Libraries

Log in to your account

Log in with GOOGLE


If you do not have an external account, but do have a local account, you can still log in:

  1. Home
  2. MARC view: Science perspectives 1 /
Normal view MARC view ISBD view

Science perspectives 1 / (Record no. 10293)

[ view plain ]
MARC details
000 -LEADER
fixed length control field 00583nam a22002057a 4500
003 - CONTROL NUMBER IDENTIFIER
control field OSt
005 - DATE AND TIME OF LATEST TRANSACTION
control field 20140310182204.0
008 - FIXED-LENGTH DATA ELEMENTS--GENERAL INFORMATION
fixed length control field 130903t xxu||||| |||| 00| 0 eng d
020 ## - INTERNATIONAL STANDARD BOOK NUMBER
International Standard Book Number 9812659048
050 ## - LIBRARY OF CONGRESS CALL NUMBER
Classification number Q 171
Item number .G538 2006
082 ## - DEWEY DECIMAL CLASSIFICATION NUMBER
Classification number HS 500
Item number G538 2006
100 ## - MAIN ENTRY--PERSONAL NAME
Personal name Di Giuseppe, Maurice
9 (RLIN) 16384
245 ## - TITLE STATEMENT
Title Science perspectives 1 /
Statement of responsibility, etc Maurice Di Giuseppe
260 ## - PUBLICATION, DISTRIBUTION, ETC. (IMPRINT)
Place of publication, distribution, etc Singapore :
Name of publisher, distributor, etc Thomson Learning Asia,
Date of publication, distribution, etc c2006.
300 ## - PHYSICAL DESCRIPTION
Extent 430 p. :
Dimensions 25 cm.
650 ## - SUBJECT ADDED ENTRY--TOPICAL TERM
Topical term or geographic name as entry element Science
General subdivision Juvenile literature
9 (RLIN) 16385
650 ## - SUBJECT ADDED ENTRY--TOPICAL TERM
Topical term or geographic name as entry element Science
9 (RLIN) 7100
942 ## - ADDED ENTRY ELEMENTS (KOHA)
Source of classification or shelving scheme Library of Congress Classification
Koha item type
Holdings
Withdrawn status Lost status Source of classification or shelving scheme Damaged status Home library Current library Shelving location Date acquired Total Checkouts Full call number Barcode Date last seen Copy number Price effective from Koha item type
    Library of Congress Classification   Luxembourg Library Luxembourg Library High School Section 09/03/2013   Q 171 .G538 2006 19226 09/03/2013 1 09/03/2013 Books

Science perspectives 1 /

APA

Di Giuseppe M., . (2006). Science perspectives 1. Singapore: Thomson Learning Asia.

Chicago

Di Giuseppe Maurice, . 2006. Science perspectives 1. Singapore: Thomson Learning Asia.

Harvard

Di Giuseppe M., . (2006). Science perspectives 1. Singapore: Thomson Learning Asia.

MLA

Di Giuseppe Maurice, . Science perspectives 1. Singapore: Thomson Learning Asia. 2006.

  • Place hold
  • Print
  • Cite
  • Add to your cart (remove)
  • Save record
    BIBTEX Dublin Core MARCXML MARC (non-Unicode/MARC-8) MARC (Unicode/UTF-8) MARC (Unicode/UTF-8, Standard) MODS (XML) RIS
  • More searches
    Search for this title in:
    Other Libraries (WorldCat) Other Databases (Google Scholar) Online Stores (Bookfinder.com) Open Library (openlibrary.org)

Exporting to Dublin Core...

SOUTHVILLE LIBRARY

Southville International School and Colleges Library

1281 Tropical Ave. Cor. Luxembourg St., BF Homes International, Las Pinas City

Tel. No. 8256374 / 252358 Loc. 117/146

Powered by Koha